International journal of comparative sociology

Na minha lista:
Detalhes bibliográficos
Formato: Periódico
Idioma:inglês
Publicado em: Leiden Brill
Tags: Adicionar Tag
Sem tags, seja o primeiro a adicionar uma tag!

MARC

LEADER 00000nas1a2200000$$$4500
001 0016554
005 20250730114821.2
041 0 |a eng 
044 |a NL 
245 1 0 |a International journal of comparative sociology 
264 1 |a Leiden  |b Brill